100 Largest US School Districts - Statistics

General Stats
  • This quiz has been taken 53 times
  • The average score is 32 of 100
Answer Stats
Hint Answer % Correct
CA Los Angeles
100%
NY New York City
100%
IL Chicago
96%
TX Dallas
92%
TX Houston
90%
FL Miami-Dade
90%
GA Atlanta
82%
MD Baltimore City
82%
MD Baltimore County
82%
TX Austin
80%
PA Philadelphia
80%
NC Charlotte-Mecklenburg
73%
CO Denver
73%
CA San Francisco
71%
TX El Paso
69%
TX San Antonio
69%
CA San Diego
69%
CA San Juan
65%
TX Fort Worth
63%
WA Seattle
63%
VA Virginia Beach
59%
FL Orange
55%
TX Arlington
51%
NM Albuquerque
49%
MA Boston
49%
FL Broward
49%
NV Clark
49%
OH Columbus
47%
VA Fairfax
47%
WI Milwaukee
47%
GA Fulton
45%
NE Omaha
45%
MD Montgomery
41%
PR Puerto Rico
41%
AZ Tucson
39%
FL Duval
37%
FL Palm Beach
37%
MD Prince George's
37%
HI Hawaii
35%
AK Anchorage
33%
GA DeKalb
33%
FL Hillsborough
33%
GA Cobb
31%
CA Fresno
31%
CO | KY Jefferson
31%
TN Knox
31%
AZ Mesa
29%
NC Wake
29%
FL Pinellas
27%
VA Prince William
27%
TN Shelby
27%
TN Davidson
24%
TX Brownsville
22%
FL Lee
22%
MD Anne Arundel
18%
FL Brevard
18%
GA Gwinett
18%
MD Howard
18%
CA Long Beach
18%
SC Greenville
16%
AL Mobile
16%
TX Plano
16%
VA Loudoun
14%
FL Polk
14%
TX Fort Bend
12%
VA Henrico
12%
Fl Volusia
12%
NC Winston-Salem/Forsyth County
12%
GA Clayton
10%
TX Frisco
8%
TX Garland
8%
VA Chesterfield
6%
UT Davis
6%
NC Guilford
6%
TX Pasadena
6%
FL Pasco
6%
NV Washoe
6%
TX Conroe
4%
NC Cumberland
4%
TX Cyrpuss-Fairbanks
4%
CO Douglas
4%
TX Aldine
2%
TX Katy
2%
TX Northside
2%
FL Osceola
2%
FL Seminole
2%
KS Witchita
2%
UT Alpine
0%
CA Capistrano
0%
CO Cherry Creek
0%
CA Corona-Norco
0%
CA Elk Grove
0%
UT Granite
0%
UT Jordan
0%
TX Klein
0%
TX Lewisville
0%
TX North East
0%
CA San Bernardino City
0%
CA Santa Ana
0%
No matching quizzes found
Score Distribution
Percent of People with Each Score
Percentile by Number Answered
Your Score History
You have not taken this quiz